50 films à remplir - 2003 - Statistiques

Statistiques générales
  • Ce quiz a été pris 236 fois
  • Le résultat moyen est 32 sur 50
Statistiques - réponses
Hint Réponse % Correct
Le Monde de ... Nemo
85%
Kill ... : Volume 1 Bill
84%
...-toi ! Tais
84%
... Actually Love
81%
... Movie 3 Scary
80%
Le ... de la jungle 2 Livre
79%
Pirates des Caraïbes : La ... du Black Pearl Malédiction
79%
Freaky Friday : Dans la peau de ma ... Mère
77%
... des Ours Frère
76%
... Boys 2 Bad
74%
Le ... Chapeauté Chat
74%
Charlie's Angels 2 : Les ... se déchainent Anges
73%
Père et ... Fils
72%
Le Seigneur des Anneaux : Le Retour du ... Roi
72%
Le Mystère de la ... jaune Chambre
71%
American Pie : ...-les ! Marions
71%
Le Dernier ... Samouraï
68%
Terminator 3 : Le ... des machines Soulèvement
68%
... tout-puissant Bruce
67%
... ans après 18
66%
Les Invasions ... Barbares
66%
Le Coeur des ... Hommes
66%
Mystic ... River
66%
... English Johnny
65%
... Fish Big
63%
... la Tulipe Fanfan
63%
Lost in ... Translation
62%
Moi ..., 10 ans ½, 1m39 César
60%
... Reloaded Matrix
60%
Good Bye, ...! Lenin
59%
... à la douzaine Treize
59%
Le ... de la vie Coût
58%
Sinbad : La Légende des ... mers Sept
58%
... à l'italienne Braquage
57%
La Prophétie des ... Grenouilles
56%
7 ans de ... Mariage
55%
Les ... de Belleville Triplettes
55%
Old ... Boy
53%
Rire et ... Châtiment
53%
X-Men ... 2
52%
Les Ligue des ... extraordinaires Gentlemen
52%
Matrix ... Revolutions
51%
21 ... Grammes
50%
Fast ... Furious 2 &
49%
Memories of ... Murder
48%
Taxi ... 3
46%
Intolérable ... Cruauté
46%
Pur Sang, la légende de ... Seabiscuit
42%
Master ... Commander : De l'autre côté du monde And
41%
... Academy Rock
39%
Aucun quiz correspondant
Distribution des résultats
% des personnes avec chaque résultat
Percentile par nombre de réponses
Votre historique - résultats
Vous n’avez pas pris ce quiz